<?xml version="1.0" encoding="UTF-8"?>
<record
    xmlns:xsi="http://www.w3.org/2001/XMLSchema-instance"
    xsi:schemaLocation="http://www.loc.gov/MARC21/slim http://www.loc.gov/standards/marcxml/schema/MARC21slim.xsd"
    xmlns="http://www.loc.gov/MARC21/slim">

  <leader>00382nam a2200157Ia 4500</leader>
  <controlfield tag="003">OSt</controlfield>
  <controlfield tag="008">191201s2005    xx            000 0 und d</controlfield>
  <datafield tag="082" ind1=" " ind2=" ">
    <subfield code="a">005.26</subfield>
    <subfield code="b">RAA</subfield>
  </datafield>
  <datafield tag="100" ind1=" " ind2=" ">
    <subfield code="a">RAM, Badri </subfield>
  </datafield>
  <datafield tag="245" ind1=" " ind2="0">
    <subfield code="a">Advanced Microprocessor and Interfacing</subfield>
  </datafield>
  <datafield tag="250" ind1=" " ind2=" ">
    <subfield code="a">8th Rep</subfield>
  </datafield>
  <datafield tag="260" ind1=" " ind2=" ">
    <subfield code="a">N.Delhi</subfield>
    <subfield code="b">Tata MC Grawhill pubg. co. Ltd</subfield>
    <subfield code="c">2005</subfield>
  </datafield>
  <datafield tag="300" ind1=" " ind2=" ">
    <subfield code="a">388</subfield>
  </datafield>
  <datafield tag="650" ind1=" " ind2=" ">
    <subfield code="a">CSE</subfield>
  </datafield>
  <datafield tag="942" ind1=" " ind2=" ">
    <subfield code="2">ddc</subfield>
    <subfield code="c">BK</subfield>
  </datafield>
  <datafield tag="999" ind1=" " ind2=" ">
    <subfield code="c">786</subfield>
    <subfield code="d">786</subfield>
  </datafield>
  <datafield tag="952" ind1=" " ind2=" ">
    <subfield code="0">0</subfield>
    <subfield code="1">0</subfield>
    <subfield code="2">ddc</subfield>
    <subfield code="4">0</subfield>
    <subfield code="7">0</subfield>
    <subfield code="8">BTECHCSE</subfield>
    <subfield code="a">PIET</subfield>
    <subfield code="b">PIET</subfield>
    <subfield code="d">2006-08-05</subfield>
    <subfield code="e">M/s UBS Publishers, New Delhi</subfield>
    <subfield code="g">160.00</subfield>
    <subfield code="k">125420</subfield>
    <subfield code="l">0</subfield>
    <subfield code="o">005.26 RAA</subfield>
    <subfield code="p">47</subfield>
    <subfield code="r">2019-12-04 00:00:00</subfield>
    <subfield code="w">2005-08-18</subfield>
    <subfield code="y">BK</subfield>
  </datafield>
  <datafield tag="952" ind1=" " ind2=" ">
    <subfield code="0">0</subfield>
    <subfield code="1">0</subfield>
    <subfield code="2">ddc</subfield>
    <subfield code="4">0</subfield>
    <subfield code="7">0</subfield>
    <subfield code="8">BTECHCSE</subfield>
    <subfield code="a">PIET</subfield>
    <subfield code="b">PIET</subfield>
    <subfield code="d">2006-08-05</subfield>
    <subfield code="e">M/s UBS Publishers, New Delhi</subfield>
    <subfield code="g">160.00</subfield>
    <subfield code="k">125420</subfield>
    <subfield code="l">2</subfield>
    <subfield code="o">005.26 RAA</subfield>
    <subfield code="p">48</subfield>
    <subfield code="r">2025-01-16 00:00:00</subfield>
    <subfield code="s">2025-01-16</subfield>
    <subfield code="w">2005-08-18</subfield>
    <subfield code="y">BK</subfield>
  </datafield>
  <datafield tag="952" ind1=" " ind2=" ">
    <subfield code="0">0</subfield>
    <subfield code="1">0</subfield>
    <subfield code="2">ddc</subfield>
    <subfield code="4">0</subfield>
    <subfield code="7">0</subfield>
    <subfield code="8">BTECHCSE</subfield>
    <subfield code="a">PIET</subfield>
    <subfield code="b">PIET</subfield>
    <subfield code="d">2006-08-05</subfield>
    <subfield code="e">M/s UBS Publishers, New Delhi</subfield>
    <subfield code="g">160.00</subfield>
    <subfield code="k">125420</subfield>
    <subfield code="l">1</subfield>
    <subfield code="o">005.26 RAA</subfield>
    <subfield code="p">49</subfield>
    <subfield code="r">2023-02-17 00:00:00</subfield>
    <subfield code="s">2023-02-14</subfield>
    <subfield code="w">2005-08-18</subfield>
    <subfield code="y">BK</subfield>
  </datafield>
  <datafield tag="952" ind1=" " ind2=" ">
    <subfield code="0">0</subfield>
    <subfield code="1">0</subfield>
    <subfield code="2">ddc</subfield>
    <subfield code="4">0</subfield>
    <subfield code="7">0</subfield>
    <subfield code="8">BTECHCSE</subfield>
    <subfield code="a">PIET</subfield>
    <subfield code="b">PIET</subfield>
    <subfield code="d">2006-08-05</subfield>
    <subfield code="e">M/s UBS Publishers, New Delhi</subfield>
    <subfield code="g">160.00</subfield>
    <subfield code="k">125420</subfield>
    <subfield code="l">1</subfield>
    <subfield code="o">005.26 RAA</subfield>
    <subfield code="p">50</subfield>
    <subfield code="r">2026-05-06 10:16:25</subfield>
    <subfield code="s">2025-12-04</subfield>
    <subfield code="w">2005-08-18</subfield>
    <subfield code="y">BK</subfield>
  </datafield>
  <datafield tag="952" ind1=" " ind2=" ">
    <subfield code="0">0</subfield>
    <subfield code="1">0</subfield>
    <subfield code="2">ddc</subfield>
    <subfield code="4">0</subfield>
    <subfield code="7">0</subfield>
    <subfield code="8">BTECHCSE</subfield>
    <subfield code="a">PIET</subfield>
    <subfield code="b">PIET</subfield>
    <subfield code="d">2013-05-09</subfield>
    <subfield code="e">IBH, New Delhi</subfield>
    <subfield code="g">350.00</subfield>
    <subfield code="k">1021</subfield>
    <subfield code="l">0</subfield>
    <subfield code="o">005.26 RAA</subfield>
    <subfield code="p">21940</subfield>
    <subfield code="r">2019-12-04 00:00:00</subfield>
    <subfield code="w">2013-05-06</subfield>
    <subfield code="y">BK</subfield>
  </datafield>
  <datafield tag="952" ind1=" " ind2=" ">
    <subfield code="0">0</subfield>
    <subfield code="1">0</subfield>
    <subfield code="2">ddc</subfield>
    <subfield code="4">0</subfield>
    <subfield code="7">0</subfield>
    <subfield code="8">BTECHCSE</subfield>
    <subfield code="a">PIET</subfield>
    <subfield code="b">PIET</subfield>
    <subfield code="d">2013-05-09</subfield>
    <subfield code="e">IBH, New Delhi</subfield>
    <subfield code="g">350.00</subfield>
    <subfield code="k">1021</subfield>
    <subfield code="l">0</subfield>
    <subfield code="o">005.26 RAA</subfield>
    <subfield code="p">21941</subfield>
    <subfield code="r">2019-12-04 00:00:00</subfield>
    <subfield code="w">2013-05-06</subfield>
    <subfield code="y">BK</subfield>
  </datafield>
  <datafield tag="952" ind1=" " ind2=" ">
    <subfield code="0">0</subfield>
    <subfield code="1">0</subfield>
    <subfield code="2">ddc</subfield>
    <subfield code="4">0</subfield>
    <subfield code="7">0</subfield>
    <subfield code="8">BTECHCSE</subfield>
    <subfield code="a">PIET</subfield>
    <subfield code="b">PIET</subfield>
    <subfield code="d">2013-05-09</subfield>
    <subfield code="e">IBH, New Delhi</subfield>
    <subfield code="g">350.00</subfield>
    <subfield code="k">1021</subfield>
    <subfield code="l">3</subfield>
    <subfield code="o">005.26 RAA</subfield>
    <subfield code="p">21942</subfield>
    <subfield code="r">2026-05-04 11:10:58</subfield>
    <subfield code="s">2026-04-27</subfield>
    <subfield code="w">2013-05-06</subfield>
    <subfield code="y">BK</subfield>
  </datafield>
  <datafield tag="952" ind1=" " ind2=" ">
    <subfield code="0">0</subfield>
    <subfield code="1">0</subfield>
    <subfield code="2">ddc</subfield>
    <subfield code="4">0</subfield>
    <subfield code="7">0</subfield>
    <subfield code="8">BTECHCSE</subfield>
    <subfield code="a">PIET</subfield>
    <subfield code="b">PIET</subfield>
    <subfield code="d">2013-05-09</subfield>
    <subfield code="e">IBH, New Delhi</subfield>
    <subfield code="g">350.00</subfield>
    <subfield code="k">1021</subfield>
    <subfield code="l">1</subfield>
    <subfield code="o">005.26 RAA</subfield>
    <subfield code="p">21943</subfield>
    <subfield code="r">2021-11-10 00:00:00</subfield>
    <subfield code="s">2021-10-27</subfield>
    <subfield code="w">2013-05-06</subfield>
    <subfield code="y">BK</subfield>
  </datafield>
  <datafield tag="952" ind1=" " ind2=" ">
    <subfield code="0">0</subfield>
    <subfield code="1">0</subfield>
    <subfield code="2">ddc</subfield>
    <subfield code="4">0</subfield>
    <subfield code="7">0</subfield>
    <subfield code="8">BTECHCSE</subfield>
    <subfield code="a">PIET</subfield>
    <subfield code="b">PIET</subfield>
    <subfield code="d">2013-05-09</subfield>
    <subfield code="e">IBH, New Delhi</subfield>
    <subfield code="g">350.00</subfield>
    <subfield code="k">1021</subfield>
    <subfield code="l">1</subfield>
    <subfield code="o">005.26 RAA</subfield>
    <subfield code="p">21944</subfield>
    <subfield code="r">2021-12-31 00:00:00</subfield>
    <subfield code="s">2021-12-27</subfield>
    <subfield code="w">2013-05-06</subfield>
    <subfield code="y">BK</subfield>
  </datafield>
  <datafield tag="952" ind1=" " ind2=" ">
    <subfield code="0">0</subfield>
    <subfield code="1">0</subfield>
    <subfield code="2">ddc</subfield>
    <subfield code="4">0</subfield>
    <subfield code="7">0</subfield>
    <subfield code="8">BTECHCSE</subfield>
    <subfield code="a">PIET</subfield>
    <subfield code="b">PIET</subfield>
    <subfield code="d">2014-08-26</subfield>
    <subfield code="e">Orange Books International</subfield>
    <subfield code="g">399.00</subfield>
    <subfield code="k">4658</subfield>
    <subfield code="l">1</subfield>
    <subfield code="o">005.26 RAA</subfield>
    <subfield code="p">24889</subfield>
    <subfield code="r">2024-01-25 00:00:00</subfield>
    <subfield code="s">2023-11-02</subfield>
    <subfield code="v">279.30</subfield>
    <subfield code="w">2014-08-16</subfield>
    <subfield code="y">BK</subfield>
  </datafield>
</record>
